[Event "Dundee & Angus Major"]
[Site "Dundee"]
[Date "2015.10.10"]
[Round "3"]
[White "Barron Majerik, Jan"]
[Black "Flockhart, Hugh"]
[Result "1/2-1/2"]
[WhiteElo "1472"]
[BlackElo "1425"]
[PlyCount "70"]
[EventDate "2015.10.09"]
[EventType "swiss"]
[EventRounds "5"]
[EventCountry "SCO"]
[SourceTitle "EXT 2023"]
[Source "ChessBase"]
[SourceDate "2022.10.05"]
[SourceVersion "1"]
[SourceVersionDate "2022.10.05"]
[SourceQuality "1"]

1. c4 Nf6 2. d4 c5 3. e3 g6 4. Nc3 Bg7 5. Nf3 0-0 6. Be2 d6 7. 0-0 Bg4 8. Rb1 Nc6 9. d5 Nb4 10. a3 Na6 11. Bd2 Bf5 12. Ra1 Nc7 13. Nh4 Bd7 14. b4 b6 15. Qc2 a6 16. e4 Bg4 17. f3 Bd7 18. Rae1 Nfe8 19. f4 Bd4+ 20. Kh1 Bf6 21. Nf3 Bg7 22. f5 Nf6 23. Ng5 h6 24. fxg6 hxg5 25. gxf7+ Rxf7 26. Bxg5 Qf8 27. h3 Nh7 28. Rxf7 Qxf7 29. Rf1 Nf6 30. Bf3 Rf8 31. Qd3 Nh5 32. Bh4 Nf4 33. Qc2 Be5 34. Ne2 Qh7 35. Nxf4 Qxh4 1/2-1/2

[Event "Dundee & Angus op Major"]
[Site "Dundee"]
[Date "2014.10.11"]
[Round "2"]
[White "Flockhart, Hugh"]
[Black "Volland, Ben"]
[Result "1/2-1/2"]
[WhiteElo "1479"]
[BlackElo "1273"]
[PlyCount "41"]
[EventDate "2014.10.10"]
[EventType "swiss"]
[EventRounds "5"]
[EventCountry "SCO"]
[SourceTitle "EXT 2017"]
[Source "ChessBase"]
[SourceDate "2016.10.25"]
[SourceVersion "1"]
[SourceVersionDate "2016.10.25"]
[SourceQuality "1"]

1. e4 e5 2. Bc4 Bc5 3. Nf3 Nc6 4. c3 Nf6 5. d3 d6 6. Nbd2 Be6 7. Bb5 0-0 8. 0-0 a6 9. Ba4 b5 10. Bc2 Bb6 11. Nb3 d5 12. Bg5 dxe4 13. dxe4 Qxd1 14. Raxd1 Bc4 15. Rfe1 Ng4 16. Bh4 f6 17. h3 Nh6 18. Nc1 Ne7 19. b3 Be6 20. Nh2 Rad8 21. Nf1 1/2-1/2

[Event "Dundee & Angus Major"]
[Site "Dundee"]
[Date "2013.10.12"]
[Round "3"]
[White "Flockhart, Hugh"]
[Black "Gray, Euan"]
[Result "1/2-1/2"]
[WhiteElo "1586"]
[BlackElo "1434"]
[PlyCount "41"]
[EventDate "2013.10.11"]
[EventType "swiss"]
[EventRounds "5"]
[EventCountry "SCO"]
[SourceTitle "EXT 2023"]
[Source "ChessBase"]
[SourceDate "2022.10.05"]
[SourceVersion "1"]
[SourceVersionDate "2022.10.05"]
[SourceQuality "1"]

1. e4 e5 2. Bc4 Nf6 3. d3 Nc6 4. c3 Bc5 5. Nf3 d6 6. Nbd2 Bg4 7. h3 Bh5 8. Nf1 Qd7 9. Ng3 Bg6 10. b4 Bb6 11. 0-0 Nd8 12. Nh4 c6 13. Nhf5 Ne6 14. a4 a6 15. a5 Ba7 16. Be3 Bxe3 17. fxe3 0-0 18. Nh4 Rac8 19. Nxg6 hxg6 20. Bb3 d5 21. exd5 1/2-1/2

[Event "Dundee & Angus op Challengers"]
[Site "Dundee"]
[Date "2012.10.13"]
[Round "2"]
[White "Flockhart, Hugh"]
[Black "Grundy, Thomas"]
[Result "0-1"]
[WhiteElo "1576"]
[BlackElo "1709"]
[PlyCount "42"]
[EventDate "2012.10.12"]
[EventType "swiss"]
[EventRounds "5"]
[EventCountry "SCO"]
[SourceTitle "EXT 2017"]
[Source "ChessBase"]
[SourceDate "2016.10.25"]
[SourceVersion "1"]
[SourceVersionDate "2016.10.25"]
[SourceQuality "1"]

1. e4 e5 2. Bc4 Nf6 3. d3 c6 4. Nf3 Bd6 5. Nbd2 Bc7 6. c3 d5 7. exd5 cxd5 8. Bb3 0-0 9. h3 Nc6 10. Nf1 Qe7 11. Ng3 e4 12. dxe4 dxe4 13. Ng5 h6 14. Nxf7 Rxf7 15. Bxf7+ Qxf7 16. 0-0 Ne5 17. Qd4 Bxh3 18. Nxe4 Nf3+ 19. gxf3 Qg6+ 20. Ng3 Bxg3 21. Kh1 Bxf1 0-1

[Event "EU-chT Seniors"]
[Site "Rogaska Slatina"]
[Date "2012.03.30"]
[Round "4.19"]
[White "Sollid, Stein"]
[Black "Flockhart, Hugh"]
[Result "1-0"]
[WhiteElo "2018"]
[BlackElo "1845"]
[PlyCount "102"]
[EventDate "2012.03.27"]
[EventType "team-swiss"]
[EventRounds "9"]
[EventCountry "SLO"]
[SourceTitle "CBM 147 Extra"]
[Source "ChessBase"]
[SourceDate "2012.04.24"]
[SourceVersion "1"]
[SourceVersionDate "2012.04.24"]
[SourceQuality "1"]
[WhiteTeam "Norway (Seniors) II"]
[BlackTeam "Scotland (Seniors) II"]
[WhiteTeamCountry "NOR"]
[BlackTeamCountry "SCO"]

1. e4 d5 2. exd5 Nf6 3. d4 Bg4 4. Be2 Bxe2 5. Nxe2 Qxd5 6. 0-0 e6 7. Nbc3 Qd7 8. Bg5 Be7 9. Qd3 0-0 10. Rad1 c6 11. f4 Na6 12. a3 Nc7 13. Ne4 Qd8 14. N2g3 b6 15. c4 Nce8 16. f5 h6 17. Bxf6 Bxf6 18. Nh5 exf5 19. Rxf5 Be7 20. Rf3 f5 21. Neg3 Nd6 22. Nxf5 Nxf5 23. Rxf5 Qd7 24. Rdf1 Rxf5 25. Rxf5 Rd8 26. d5 cxd5 27. Rxd5 Bc5+ 28. Kh1 Bd6 29. h3 Qe6 30. Qd1 Qe4 31. b4 Kh7 32. Qd3 Qxd3 33. Rxd3 Bc7 34. Rxd8 Bxd8 35. Nf4 a5 36. Ne6 Be7 37. bxa5 bxa5 38. c5 Kg8 39. c6 Bd6 40. c7 Bxc7 41. Nxc7 Kf7 42. Kh2 Ke7 43. Kg3 Kd7 44. Na6 Kc6 45. Kg4 g6 46. h4 Kb5 47. h5 g5 48. Kf5 Ka4 49. Kg6 Kxa3 50. Kxh6 Kb3 51. Kxg5 Kc4 1-0

[Event "Dundee & Angus Congress Major"]
[Site "Dundee"]
[Date "2011.10.15"]
[Round "3"]
[White "Flockhart, Hugh"]
[Black "Sawaryn, Steve"]
[Result "1-0"]
[WhiteElo "1612"]
[BlackElo "1365"]
[PlyCount "114"]
[EventDate "2011.10.14"]
[EventType "swiss"]
[EventRounds "5"]
[EventCountry "SCO"]
[SourceTitle "EXT 2023"]
[Source "ChessBase"]
[SourceDate "2022.10.05"]
[SourceVersion "1"]
[SourceVersionDate "2022.10.05"]
[SourceQuality "1"]

1. e4 c5 2. Nf3 d6 3. c3 Nf6 4. h3 Nxe4 5. Qa4+ Bd7 6. Qxe4 Bc6 7. Qe3 e6 8. d4 Be7 9. Bd3 Nd7 10. 0-0 Qc7 11. Na3 a6 12. b4 b5 13. Re1 c4 14. Bf1 Nf6 15. Bd2 Nd5 16. Qe2 0-0-0 17. Nc2 Kb7 18. a4 Ra8 19. axb5 axb5 20. g3 Bf6 21. Bg2 h6 22. Ne3 Rxa1 23. Rxa1 Ra8 24. Qd1 Kc8 25. Nxd5 Bxd5 26. Ne1 Qb7 27. Rxa8+ Qxa8 28. Bxd5 Qxd5 29. Qf3 Qxf3 30. Nxf3 Kd7 31. Kf1 Kc6 32. Ke2 Kd5 33. h4 Be7 34. Ng1 e5 35. dxe5 dxe5 36. f3 f6 37. Ke3 Bd8 38. Nh3 g5 39. hxg5 hxg5 40. Nf2 Bb6+ 41. Ke2 Bd8 42. g4 Be7 43. Ne4 Ke6 44. Be3 Kd5 45. Bc5 Bd8 46. Ke3 Ke6 47. Ba7 Kd5 48. Ng3 Be7 49. Nf5 Bd8 50. Bc5 Ke6 51. Ke4 Bc7 52. Ng3 Bb8 53. Nf1 Bc7 54. Ne3 Bb8 55. Nd5 Kf7 56. Kf5 e4 57. Kxe4 Be5 1-0

[Event "SCO-ch Seniors"]
[Site "Edinburgh"]
[Date "2011.07.14"]
[Round "6"]
[White "MacGilchrist, Siegrun"]
[Black "Flockhart, Hugh"]
[Result "0-1"]
[WhiteElo "1776"]
[BlackElo "1856"]
[PlyCount "58"]
[EventDate "2011.07.09"]
[EventType "tourn"]
[EventRounds "7"]
[EventCountry "SCO"]
[SourceTitle "EXT 2023"]
[Source "ChessBase"]
[SourceDate "2022.10.05"]
[SourceVersion "1"]
[SourceVersionDate "2022.10.05"]
[SourceQuality "1"]

1. c4 e5 2. Nc3 Nf6 3. d3 d5 4. Bg5 dxc4 5. Qa4+ Nc6 6. Qxc4 Be7 7. 0-0-0 0-0 8. Bxf6 Bxf6 9. Ne4 Be7 10. Kb1 a6 11. Nf3 Be6 12. Qc1 f6 13. h4 Nb4 14. Nc3 c5 15. a3 Nc6 16. e4 Nd4 17. Ne2 b5 18. Nfxd4 cxd4 19. Rd2 Qb6 20. f4 b4 21. f5 Bb3 22. Qe1 bxa3 23. Nc1 Bf7 24. Rc2 Rfc8 25. Qd1 Rab8 26. g4 Rxc2 27. Qxc2 Qxb2+ 28. Qxb2 axb2 29. Ne2 Ba2+ 0-1

[Event "EU-chT Seniors 12th"]
[Site "Dresden"]
[Date "2010.02.16"]
[Round "7"]
[White "Hauswald, Gerd"]
[Black "Flockhart, Hugh"]
[Result "1-0"]
[WhiteElo "1820"]
[BlackElo "1871"]
[PlyCount "66"]
[EventDate "2010.02.10"]
[EventType "team-swiss"]
[EventRounds "9"]
[EventCountry "GER"]
[SourceTitle "CBM 134 Extra"]
[Source "ChessBase"]
[SourceDate "2010.03.03"]
[SourceVersion "1"]
[SourceVersionDate "2010.03.03"]
[SourceQuality "1"]
[WhiteTeam "Heidenau (Seniors)"]
[BlackTeam "Scotland (Seniors) II"]
[WhiteTeamCountry "GER"]
[BlackTeamCountry "SCO"]

1. d4 Nf6 2. c4 c5 3. d5 b5 4. e3 bxc4 5. Bxc4 g6 6. b3 d6 7. Nf3 Bg7 8. Bb2 0-0 9. Nbd2 Nbd7 10. e4 Nb6 11. Be2 a5 12. 0-0 a4 13. Qc1 axb3 14. axb3 Bd7 15. Re1 Qb8 16. h3 Qb7 17. Qc2 Rfb8 18. Bc3 e6 19. dxe6 Bxe6 20. Rxa8 Rxa8 21. Qb2 Ne8 22. Bxg7 Nxg7 23. Ng5 Qe7 24. Nxe6 Nxe6 25. b4 Nd4 26. Bd3 Qe5 27. Qb1 Na4 28. bxc5 Nxc5 29. Bc4 Nde6 30. Bd5 Qd4 31. Nf3 Qa4 32. Bxa8 Qxa8 33. Qb6 Qa2 1-0

[Event "EU-chT Seniors 12th"]
[Site "Dresden"]
[Date "2010.02.10"]
[Round "1"]
[White "Jones, Iolo Cerredig"]
[Black "Flockhart, Hugh"]
[Result "1-0"]
[WhiteElo "2290"]
[BlackElo "1871"]
[PlyCount "61"]
[EventDate "2010.02.10"]
[EventType "team-swiss"]
[EventRounds "9"]
[EventCountry "GER"]
[SourceTitle "CBM 134 Extra"]
[Source "ChessBase"]
[SourceDate "2010.03.03"]
[SourceVersion "1"]
[SourceVersionDate "2010.03.03"]
[SourceQuality "1"]
[WhiteTeam "Wales (Seniors)"]
[BlackTeam "Scotland (Seniors) II"]
[WhiteTeamCountry "WLS"]
[BlackTeamCountry "SCO"]

1. c4 e5 2. Nc3 Nf6 3. g3 d5 4. cxd5 Nxd5 5. Bg2 Ne7 6. Nf3 Nbc6 7. 0-0 g6 8. d3 Bg7 9. Bg5 h6 10. Bd2 0-0 11. Rc1 Nd4 12. Nxd4 exd4 13. Na4 c6 14. Qb3 Nd5 15. Rfe1 Kh7 16. a3 Rb8 17. Qc2 Qe7 18. Bxd5 cxd5 19. Bb4 Qe8 20. Bxf8 Bxf8 21. Nc5 b6 22. Nb3 Bg7 23. Nd2 Bf8 24. Qc6 Qxc6 25. Rxc6 Rb7 26. Rec1 Re7 27. Kf1 Bh3+ 28. Ke1 Bg4 29. f3 Bxf3 30. Rc7 Re8 31. Kf2 1-0

[Event "EU-chT Seniors 11th"]
[Site "Velden"]
[Date "2009.04.10"]
[Round "6"]
[White "Flockhart, Hugh"]
[Black "Strobel, Ferdinand"]
[Result "1/2-1/2"]
[WhiteElo "1895"]
[BlackElo "2209"]
[PlyCount "50"]
[EventDate "2009.04.05"]
[EventType "team-swiss"]
[EventRounds "9"]
[EventCountry "AUT"]
[SourceTitle "CBM 129 Extra"]
[Source "ChessBase"]
[SourceDate "2009.05.05"]
[SourceVersion "2"]
[SourceVersionDate "2009.05.20"]
[SourceQuality "1"]

1. e4 e5 2. Bc4 Bc5 3. Nf3 Qe7 4. 0-0 d6 5. d3 Nf6 6. c3 Nc6 7. b4 Bb6 8. a4 a6 9. Bb3 Bg4 10. h3 Be6 11. Bc2 h6 12. Nbd2 0-0 13. Nc4 Nd7 14. Nxb6 Nxb6 15. Be3 Qf6 16. Nh2 Qg6 17. Kh1 f5 18. Bb3 f4 19. Bxe6+ Qxe6 20. Bxb6 cxb6 21. Rb1 Nb8 22. Qb3 Qxb3 23. Rxb3 Nd7 24. Nf3 Nf6 25. Re1 Rac8 1/2-1/2

[Event "EU-chT Seniors 10th"]
[Site "Dresden"]
[Date "2008.02.18"]
[Round "8.4"]
[White "Flockhart, Hugh"]
[Black "Ovesen, Karsten"]
[Result "1/2-1/2"]
[WhiteElo "1922"]
[BlackElo "1937"]
[PlyCount "21"]
[EventDate "2008.02.11"]
[EventType "team-swiss"]
[EventRounds "9"]
[EventCountry "GER"]
[SourceTitle "CBM 122 Extra"]
[Source "ChessBase"]
[SourceDate "2008.03.04"]
[SourceVersion "1"]
[SourceVersionDate "2008.03.04"]
[SourceQuality "1"]
[WhiteTeam "Scotland"]
[BlackTeam "Mecklenburg Vorpommern"]
[WhiteTeamCountry "SCO"]
[BlackTeamCountry "GER"]

1. e4 c6 2. Nf3 d5 3. Nc3 dxe4 4. Nxe4 Nf6 5. Nxf6+ gxf6 6. d4 Bf5 7. Bd3 Bg6 8. Bxg6 hxg6 9. Qd3 e6 10. Bf4 Bd6 11. Bxd6 1/2-1/2

[Event "EU-chT Seniors 08th"]
[Site "Dresden"]
[Date "2006.02.21"]
[Round "5"]
[White "Flockhart, Hugh"]
[Black "Degenhardt, Norbert"]
[Result "1/2-1/2"]
[WhiteElo "1887"]
[BlackElo "2134"]
[PlyCount "66"]
[EventDate "2006.02.17"]
[EventType "team-swiss"]
[EventRounds "8"]
[EventCountry "GER"]
[SourceTitle "CBM 111 Extra"]
[Source "ChessBase"]
[SourceDate "2006.05.09"]
[SourceVersion "1"]
[SourceVersionDate "2006.05.09"]
[SourceQuality "1"]
[WhiteTeam "Great Britain V"]
[BlackTeam "Rheno Palatinat"]
[WhiteTeamCountry "GBR"]
[BlackTeamCountry "GER"]

1. e4 c5 2. Nf3 Nc6 3. c3 d5 4. e5 e6 5. d4 Nge7 6. Bd3 c4 7. Bc2 Ng6 8. 0-0 Be7 9. Re1 b5 10. Nbd2 Bd7 11. Nf1 Qc7 12. Ng5 Bxg5 13. Bxg5 Nce7 14. Ng3 h6 15. Bxe7 Kxe7 16. Qg4 Be8 17. f4 Kd8 18. f5 exf5 19. Bxf5 Rg8 20. Re3 Nf8 21. Rf1 Qe7 22. Qf3 Qb7 23. e6 fxe6 24. Bxe6 Nxe6 25. Rxe6 Rc8 26. Rd6+ Kc7 27. Rxd5 Bc6 28. Qf7+ Kb6 29. Qxb7+ Kxb7 30. Rf7+ Rc7 31. Rdf5 Rgc8 32. Rf2 Bd5 33. R7f5 Rd8 1/2-1/2

[Event "GBR-ch Seniors"]
[Site "Douglas"]
[Date "2005.08.09"]
[Round "4"]
[White "Flockhart, Hugh"]
[Black "Nicolson, James R"]
[Result "1/2-1/2"]
[WhiteElo "1892"]
[BlackElo "1937"]
[PlyCount "23"]
[EventDate "2005.08.06"]
[EventType "swiss"]
[EventRounds "7"]
[EventCountry "ENG"]
[SourceTitle "EXT 2007"]
[Source "ChessBase"]
[SourceDate "2006.11.23"]
[SourceVersion "1"]
[SourceVersionDate "2006.11.23"]
[SourceQuality "1"]

1. e4 c5 2. Nf3 Nf6 3. e5 Nd5 4. c4 Nc7 5. d4 cxd4 6. Nxd4 Nc6 7. Nxc6 bxc6 8. Be2 g6 9. Bd2 Bg7 10. Bc3 0-0 11. 0-0 f6 12. exf6 1/2-1/2

[Event "Dundee op"]
[Site "Dundee"]
[Date "2004.10.24"]
[Round "4"]
[White "Flockhart, Hugh"]
[Black "Curry, Charles"]
[Result "0-1"]
[WhiteElo "1726"]
[BlackElo "1734"]
[PlyCount "84"]
[EventDate "2004.10.22"]
[EventType "swiss"]
[EventRounds "5"]
[EventCountry "SCO"]
[SourceTitle "EXT 2006"]
[Source "ChessBase"]
[SourceDate "2005.11.24"]
[SourceVersion "1"]
[SourceVersionDate "2005.11.24"]
[SourceQuality "1"]

1. e4 e5 2. Bc4 Nf6 3. d3 c6 4. Nf3 d5 5. exd5 cxd5 6. Bb3 Bd6 7. Nc3 e4 8. dxe4 dxe4 9. Ng5 0-0 10. Be3 Bf5 11. Qd2 Qe7 12. 0-0-0 Bb4 13. Kb1 Nc6 14. Nd5 Nxd5 15. Qxd5 Bg6 16. Qd7 Rfd8 17. Qxe7 Bxe7 18. h4 h5 19. a3 b6 20. Bd5 Rac8 21. g4 Ne5 22. Bb7 Rxd1+ 23. Rxd1 Rc7 24. Ba6 Nxg4 25. Bf4 Bxg5 26. hxg5 Re7 27. Be3 Nxe3 28. fxe3 Bf5 29. Bc4 Bg4 30. Rd8+ Kh7 31. Rd2 Kg6 32. Rd5 Bf5 33. Rd1 Kxg5 34. Rg1+ Kh6 35. Be2 g5 36. b4 g4 37. c4 Kg5 38. c5 bxc5 39. bxc5 Rc7 40. Rc1 Bd7 41. Bf1 h4 42. Bg2 f5 0-1

[Event "WchT Seniors 1st"]
[Site "Port Erin"]
[Date "2004.10.12"]
[Round "8.2"]
[White "Hecht, Hans Joachim"]
[Black "Flockhart, Hugh"]
[Result "1-0"]
[WhiteElo "2389"]
[BlackElo "1926"]
[PlyCount "63"]
[EventDate "2004.10.05"]
[EventType "team-swiss"]
[EventRounds "8"]
[EventCountry "IOM"]
[SourceTitle "CBM 102 Extra"]
[Source "ChessBase"]
[SourceDate "2004.11.03"]
[SourceVersion "1"]
[SourceVersionDate "2004.11.03"]
[SourceQuality "1"]
[WhiteTeam "Germany"]
[BlackTeam "England IV"]
[WhiteTeamCountry "GER"]
[BlackTeamCountry "ENG"]

1. d4 Nf6 2. c4 c5 3. d5 b5 4. cxb5 a6 5. bxa6 g6 6. Nc3 Bxa6 7. Nf3 Bg7 8. e4 Bxf1 9. Kxf1 d6 10. g3 Nbd7 11. Kg2 0-0 12. h3 Ne8 13. Re1 Qb6 14. Re2 Nc7 15. Bf4 Nb5 16. Rc1 Nd4 17. Nxd4 cxd4 18. Na4 Qb5 19. b3 f5 20. exf5 Qxd5+ 21. Kh2 Qf3 22. Rxe7 Qxd1 23. Rxd1 Ne5 24. fxg6 Nxg6 25. Re4 Be5 26. Bxe5 dxe5 27. Kg2 Rfc8 28. Nb6 Rab8 29. Nxc8 Rxc8 30. Rd2 Kf7 31. f4 exf4 32. Rexd4 1-0